000 00874nam a22002417a 4500
005 20240530110921.0
008 220221s2008 ua a g b 000 0 ara d
017 _a2008/1731
020 _a9774220897
040 _aEG-CaGPL
_cEG-CaGPL
082 0 4 _221
_a343.09944 \
_bخ أ
100 0 _aخالد ممدوح ابراهيم
245 1 0 _aامن الحكومة الالكترونية /
_cخالد ممدوح ابراهيم
250 _aط.1
260 _aالاسكندرية :
_bالدار الجامعية،
_c2008
300 _a207 ص؛
_c24 سم
650 0 7 _aالمعاملات الالكترونية
_2qrmak
650 0 7 _aالحكومة الالكترونية
_2qrmak
650 0 7 _aالتوثيق الالكترونى
_2qrmak
650 0 7 _aسرقة المال المعلوماتى
_2qrmak
942 _2ddc
_cBK
999 _c66480
_d66480